000 00521nam a22001697a 4500
005 20251108164955.0
008 250721s1991 xx 000 0 ara d
082 1 4 _a657.42/محا
100 1 _aالأخرس، عاطف عبد سليمان
245 1 0 _aمحاسبة التكاليف الصناعية /
264 1 _aعمان :
_bالأهلية للنشر و التوزيع،
_c1991.
300 _a198ص
650 1 7 _aالمحاسبة
650 1 7 _aمحاسبة التكاليف
942 _2ddc
_cBK
999 _c18779
_d18779